| 000 | 00478nam a2200181Ia 4500 | ||
|---|---|---|---|
| 001 | 1842 | ||
| 005 | 20260306143758.0 | ||
| 008 | 260306t2021||||xx |||||||||||||| ||spa|| | ||
| 041 | _aESP | ||
| 082 |
_a155.7 _bF77 |
||
| 100 |
_aFossa, Pablo, _eAUT |
||
| 245 | 0 |
_aLatin American advances in subjectivity and development : _bthrough the Vygotsky route |
|
| 260 | _c2021 | ||
| 300 |
_axii, 280 páginas : _c24 cm. |
||
| 650 | _aGEN | ||
| 654 | _aCPS | ||
| 942 |
_cLIB _dJUS _fJUS _2ddc _n |
||
| 999 |
_c1842 _d1842 |
||